Foundation design

-д хадгалсан:
Номзүйн дэлгэрэнгүй
Үндсэн зохиолч: Teng, Wayne C (Зохиогч)
Формат: Ном
Хэл сонгох:англи
Хэвлэсэн: Englewood Cliffs Prentice-Hall 1962
Цуврал:Civil Engineering and Engineering Series
Нөхцлүүд:
Шошгууд: Шошго нэмэх
Шошго байхгүй, Энэхүү баримтыг шошголох эхний хүн болох!

MARC

LEADER 00000nam a2200000 a 4500
001 UCU6190
003 CL-VaPUC
008 960614e19620000us |||||||||||||||||eng|d
082 0 4 |a 624.15  |b TEN  |2 21 
100 0 |a Teng, Wayne C  |e author  |9 364354 
245 1 0 |a Foundation design 
300 |a 466 p 
942 |c BK 
945 |d 19960614 00:00:00  |a paguirre 
260 |a Englewood Cliffs  |b Prentice-Hall  |c 1962 
650 7 |a CIMIENTOS  |2 CL-VaPUC  |9 260635 
650 0 |a Estructuras  |9 271908 
650 0 |a Elementos estructurales  |9 350100 
650 7 |a TECNOLOGIA DE LA CONSTRUCCION  |2 CL-VaPUC  |9 260196 
650 0 |a Suelos  |9 260322 
650 7 |a MECANICA DEL SUELO  |2 CL-VaPUC  |9 350104 
583 |a last modification  |c 20150428 10:22:53  |k Rodrigo Vera 
490 0 |a Civil Engineering and Engineering Series 
999 |c 249211  |d 249209 
952 |0 0  |1 0  |4 0  |6 624_150000000000000_TEN_1962  |7 0  |8 A  |9 266319  |a BIBING  |b BIBING  |d 2019-11-19  |i 1684353  |o 624.15 TEN 1962  |p 1684353  |r 2025-01-20  |w 2019-11-19  |y BK  |k CCL